000 00183nam a2200097Ia 4500
100 _aCIMI-DGET
942 _cBK
245 _aTool & Die Maker Theory.
260 _bCIMI
300 _a212
999 _c18794
_d18794